| 000 | 00631nam a22001817a 4500 | ||
|---|---|---|---|
| 999 |
_c166902 _d166902 |
||
| 010 | _aENG-126173 | ||
| 020 |
_a978-93-8472-666-9 _c1495.00 |
||
| 035 | _aEN-109705 | ||
| 037 | _bDBAD/PUB | ||
| 082 | _a621.34 | ||
| 100 | _aJayanthy,T. | ||
| 245 |
_aElectromagnetic Field/ _cbyT.Jayanthy...[et.,all] |
||
| 260 |
_aNew Delhi _bAne Books Pvt.Ltd. _c2018 |
||
| 270 |
_a4821,Parwana Bhawan,1st Floor24 Ansari Road, Darya Ganj _bNew Delhi _e110002 _k+91(011)23276843 _l+91(011)23276863 _mkapoor@anebooks.com |
||
| 300 |
_axiv350p. _c23cm(hb) _bill |
||
| 700 | _aT.Jayanthy...[et.,all] | ||
| 942 |
_2ddc _cEN _h621.34 _mJAY |
||